000
00197 a2200097 4500
020
_a
087577917603
041
_a
spa
100
_a
Vivian French
245
_a
Ojala fuera un extraterrestre
942
_c
BK
999
_c
9314
_d
9314